000 00981cab a2200253 4500
001 ABS50787
008 090401t1994 xxu||||| |||| 00| 0 eng d
035 _a(Sirsi) u46408
041 _aeng
100 _aKnowles, R.
245 _aBonds - dedicated followers of fashion
260 _c1994
350 _a0
490 _aCSM (Chartered Surveyor Monthly)
_v3(9) June 1994, 32(1)
520 _aDescribes two cases on bonds where the findings hinged on wording found to be inadequate. Stresses that the wording of a bond can be critical when it comes to enforcement. Suggests solutions to prevailing problems and considers the advantages for contractors.
650 _aBONDS
650 _aHOLME V BRUNSKILL
650 _aMENTOR
650 _aMERCERS OF THE CITY OF LONDON V NEW HAMPSHIRE INSURANCE CO
650 _aTRAFALGAR HOUSE CONSTRUCTION V GENERAL SURETY & GUARANTEE
690 _aBUILT ENVIRONMENT-BUILDING CONTRACT FORMS
942 _n0
948 _c04/03/1997
999 _c29358
_d29358